[Event "Aktobe Dvorkovich Rapid op"]
[Site "Aktobe"]
[Date "2022.06.21"]
[Round "4"]
[White "Afanasiev, Nikita"]
[Black "Ayapov, Alimzhan"]
[Result "1-0"]
[WhiteElo "2583"]
[BlackElo "1759"]
[PlyCount "45"]
[EventDate "2022.06.21"]
[EventType "swiss (rapid)"]
[EventRounds "9"]
[EventCountry "KAZ"]
[SourceTitle "CBM 209 Extra"]
[Source "ChessBase"]
[SourceDate "2022.09.30"]
[SourceVersion "1"]
[SourceVersionDate "2022.09.30"]
[SourceQuality "1"]

1. e4 e5 2. Nf3 Nc6 3. Bc4 Bc5 4. c3 Nf6 5. d3 a6 6. 0-0 d6 7. Bb3 0-0 8. Bg5 Be6 9. Nbd2 Ba7 10. Bc2 Nb8 11. d4 Nbd7 12. Re1 c6 13. h3 Qc7 14. Nf1 Nh5 15. Nxe5 dxe5 16. Qxh5 exd4 17. e5 g6 18. Qh6 Kh8 19. Bf6+ Nxf6 20. exf6 Rg8 21. Re4 g5 22. Qxh7+ Kxh7 23. Rh4# 1-0